Socio economic adjustment of Shepherds in drought prone region of Andhra Pradesh of India : (Record no. 37202)

MARC details
000 -LEADER
fixed length control field 00692nam a2200169Ia 4500
041 ## - LANGUAGE CODE
Language code of text/sound track or separate title English
082 ## - DEWEY DECIMAL CLASSIFICATION NUMBER
Classification number RR.0337
100 ## - MAIN ENTRY--AUTHOR NAME
Personal name Rao, C. Srinivasa
Affiliation C.C.S. Nizamia Observatory Campus
Place Andhra Pradesh, India
245 #0 - TITLE STATEMENT
Title Socio economic adjustment of Shepherds in drought prone region of Andhra Pradesh of India :
Sub Title a concern for development /
Statement of responsibility, etc C. Srinivasa Rao
260 ## - PUBLICATION, DISTRIBUTION, ETC. (IMPRINT)
Place of publication New Delhi :
Name of publisher/Sponsor ICSSR,
Year of publication 2012
300 ## - PHYSICAL DESCRIPTION
Number of Pages 113p. ;
504 ## - BIBLIOGRAPHY, ETC. NOTE
Bibliography, etc Include bibliographical references.
536 ## - FUNDING INFORMATION NOTE
Funding Agency Indian Council of Social Science Research.
546 ## - LANGUAGE NOTE
Language note English
650 ## - SUBJECT ADDED ENTRY--TOPICAL TERM
Topical Term Socio-economic adjustment
Form subdivision Government interventions
General subdivision Socio-economic challenges
Geographic subdivision Telangana region
942 ## - ADDED ENTRY ELEMENTS (KOHA)
Koha item type Research Reports
Source of classification or shelving scheme Dewey Decimal Classification
Holdings
Withdrawn status Lost status Damaged status Not for loan Collection code Home library Current library Date acquired Source of acquisition Full call number Accession Number Koha item type
      Not For Loan Post Doctoral Research Fellowship Reports NASSDOC Library NASSDOC Library 11/10/2022 Gifted by: Research Fellowship Division RR.0337 52405 Research Reports